| 000 | 01555nam a22002417a 4500 | ||
|---|---|---|---|
| 999 |
_c62082 _d62082 |
||
| 003 | Ge_BSU | ||
| 005 | 20251008201517.0 | ||
| 008 | 240704s2020 ge ||||| |||| 00| 0 geo d | ||
| 020 | _a9789941958939 | ||
| 041 | _ageo | ||
| 080 | _a005.7 H-24 | ||
| 245 |
_aHBR-ის გზამკვლევი პროექტის მართვაში: _b შემატე მოტივაცია შენს გუნდს, აირიდე დაუგეგმავი სცენარები, მიაღწიე საუკეთესო შედეგს] / _cრედ: ია ვეკუა, თამარ ლონდარიძე; მთარგმნელები: მარიამ ლონდარიძე, ნათია ლურსმანაშვილი. |
||
| 264 |
_aთბილისი: _bHarvard Business Reviev Press, _c2020. |
||
| 300 |
_a170 გვ.; _b23 სმ. |
||
| 440 |
_aმეტი, ვიდრე გზამკვლევი. _922722 |
||
| 653 | _aმართვის ორგანიზაციები. | ||
| 653 | _aმენეჯმენტი | ||
| 700 |
_aვეკუა, ია _eრედაქტორი _921667 |
||
| 700 |
_aლონდარიძე, თამარ _eრედაქტორი _922723 |
||
| 700 |
_aლონდარიძე, მარიამ _eმთარგმნელი _922724 |
||
| 700 |
_aლურსმანაშვილი, ნათია _eმთარგმნელი _922725 |
||
| 942 |
_2udc _cᲬᲘᲒᲜᲘ |
||